| 000 | 00740nam a22002297a 4500 | ||
|---|---|---|---|
| 005 | 20170124110239.0 | ||
| 010 | _aA-878579 | ||
| 020 |
_c00.00 _a8125010130 |
||
| 035 | _aA-878579 | ||
| 037 | _bCen Lib/Ret | ||
| 040 |
_aDPL _bEN |
||
| 082 |
_a871.108 _bHOL |
||
| 100 |
_aHolmstrom, Lakshmi _994144 |
||
| 245 |
_aSilappadikaram : _cby Lakshmi Holmstrom ; illustrated by A.V.Ilango _bManimekalai / |
||
| 260 |
_aHyderabad _bOrient Longman _c1996 |
||
| 270 |
_bHyderabad _a3-6-272, Himayatnagar _e500 029 |
||
| 300 |
_a182p. _c26cm(Hb) |
||
| 650 |
_aEpic poetry, Tamil -- Translations into English _994145 |
||
| 650 |
_aEpic poetry, Tamil _994146 |
||
| 700 |
_aIlango, A.V. _994147 |
||
| 942 |
_2ddc _cEN _h871.108 _mHOL |
||
| 999 |
_c135076 _d135076 |
||